000 00446nam a2200181Ia 4500
001 23382
005 20260414150933.0
008 260414t2010||||xx |||||||||||||| ||spa||
041 _aESP
082 _a629.982
_bK38
100 _aKelly, James Floyd
_eAUT
245 0 _aLego Mindstorms NXT 2.0 :
_bthe king’s treasure
260 _c2010
300 _axv, 321 páginas :
_c\N
650 _aCNM
654 _aCCN
942 _cLIB
_dJUS
_fJUS
_2ddc
_n
999 _c23382
_d23382